000 00845nam a2200205 4500
001 108620
003 ES-MaACL
005 20230906184656.0
007 t|
008 061121s1983 sp r ||||1| spa d
245 0 3 _aEl coste social de la crisis económica española y las líneas básicas de una política de recuperación /
_cpor Manuel A. Blanco Losada ... [et al.] ; coordinador, Alberto Monreal Luque.
260 _aMadrid :
_bFundación Humanismo y Democracia,
_c1983.
300 _a165 p. ;
_c21 cm.
651 4 _aEspaña-
_xSituación económica-
_y1982-1996.
_9148280
651 4 _aEspaña-
_xPolítica económica-
_y1982-1996.
_98410
700 1 _aMonreal Luque, Alberto.
_9148281
700 1 _aBlanco Losada, Manuel Alejandro.
_9148282
710 0 _aFundación Humanismo y Democracia.
_94320
852 _aES-MaACL
_jL-5293
_bR.105785
999 _c108620
_d108620